| Поле | Инд. | ПП | Название | Значение |
|---|---|---|---|---|
| Тип записи | a | |||
| Библиографический уровень | b | |||
| 001 | Контрольный номер | 8be3174cea094e6ab2d14dbf0a36e870 | ||
| 005 | Дата корректировки | 20260324162312.8 | ||
| 024 | 80 | a | Стандартный номер | 10.1103/vg4c-h785 |
| 040 | a | Служба первич. каталог. | РИНЦ | |
| b | Код языка каталог. | rus | ||
| 041 | 0_ | a | Код языка текста | eng |
| 097 | a | Василенко М.А. | ||
| 100 | 1_ | a | Автор | Abdel-Hafiez M. |
| 100 | 1_ | a | Автор | Johansson F. O. L. |
| 100 | 1_ | a | Автор | Chakraborty A. |
| 100 | 1_ | a | Автор | Chareev D. |
| c | Титул (звания) | доцент (ученое звание); кандидат химических наук; профессор (должность); | ||
| i | 000091010 | |||
| g | Прочие сведения | РИНЦ AuthorID: 135561 (http://elibrary.ru/author_profile.asp?id= 135561); SPIN-код: 6270-1872 (http://elibrary.ru/author_items.asp?authorid=135561); Scopus Author ID: 15051531400v (https://www.scopus.com/authid/detail.uri?authorId=15051531400); ORCID ID: http://orcid.org/0000-0002-9380-2680 | ||
| k | Кафедра химии, новых технологий и материалов; Факультет естественных и инженерных наук | |||
| q | Полное имя | Чареев Дмитрий Александрович | ||
| u | Дополнение | Чареев Д. А.; Chareev D. A. | ||
| 245 | 10 | a | Заглавие | Charge-Transfer Properties and Electron Dynamics in Ferromagnetic CoS2 |
| 773 | 18 | t | Название источника | Physical Review B |
| b | Сведения об издании | American Physical Society | ||
| c | USA | |||
| d | Место и дата издания | 2025 | ||
| m | Специф. данные | входит в Белый список; входит в Scopus; входит в WoS; входит в ядро РИНЦ; зарубежный журнал | ||
| q | У1 Белый список; Q1 Scopus 2024 | |||
| o | Прочие индексы | SJR 1.303 | ||
| x | ISSN | 2469-9950 | ||
| g | Прочая информация | Т. 112. - № 16. - С. 165115 | ||
| w | Контрольный № источника | 31c95df8741c4a35a2b19404c4c504ed | ||
| 856 | 40 | u | URL | https://elibrary.ru/item.asp?id=86332360 |
| 901 | t | Тип документа | b | |
| 952 | c | Вид литературы | статья в журнале |